Statistiques concernant Classement FIFA du 20 Juillet 2023

Cliquez ici pour prendre le quiz!

Statistiques générales

  • Ce quiz a été pris 67 fois
  • Le résultat moyen est 101 sur 208

Statistiques - réponses

FédérationPlaceRéponseMeilleur Buteur% Correct
CONMEBOL1ArgentineLionel Messi (103)
98%
UEFA5BelgiqueRomelu Lukaku (75)
98%
UEFA2FranceOlivier Giroud (54)
98%
UEFA4AngleterreHarry Kane (58)
96%
CONMEBOL3BrésilPelé/Neymar (77)
96%
UEFA7Pays-BasRobin Van Persie (50)
95%
UEFA9PortugalCristiano Ronaldo (123)
95%
UEFA10EspagneDavid Villa (59)
93%
UEFA15AllemagneMiroslav Klose (71)
91%
CONMEBOL16UruguayLuis Suarez (68)
89%
CONMEBOL17ColombieRadamel Falcao (36)
88%
UEFA6CroatieDavor Suker (45)
88%
UEFA8ItalieLuigi Riva (35)
88%
CONCACAF12MexiqueJavier Hernandez (52)
88%
UEFA23SuèdeZlatan Ibrahimovic (62)
88%
UEFA26PologneRobert Lewandowski (79)
86%
CAF18SénégalSadio Mané (37)
86%
UEFA13SuisseAlexander Frei (42)
86%
UEFA19DanemarkPoul Nielsen (52)
84%
CONCACAF11Etats-UnisClint Dempsey (57)
84%
CONMEBOL32ChiliAlexis Sanchez (51)
82%
UEFA30EcosseKenny Dalglish (30)
82%
AFC20JaponKunishige Kamamoto (75)
82%
CAF14MarocAhmed Faras (36)
82%
UEFA35Pays de GallesGareth Bale (41)
82%
UEFA24UkraineAndriy Chevtchenko (48)
82%
UEFA55FinlandeTeemu Pukki (38)
81%
UEFA53IrlandeRobbie Keane (68)
81%
UEFA25SerbieAleksandar Mitrovic (52)
81%
CAF33AlgérieIslam Slimani (41)
79%
AFC27AustralieTim Cahill (50)
79%
UEFA36HongrieFerenc Puskas (84)
79%
UEFA44NorvègeJorgen Juve (33)
79%
UEFA38RussieAleksandr Kerjakov (30)
79%
CAF52Côte d'IvoireDidier Drogba (65)
75%
CAF34EgypteHossam Hassan (69)
75%
CONMEBOL21PérouPaolo Guerrero (38)
75%
CAF42CamerounSamuel Eto'o (56)
74%
CONMEBOL40EquateurEnner Valencia (40)
74%
UEFA67IslandeKolbeinn Sigthorsson (26)
74%
UEFA208Saint-MarinAndy Selva (8)
74%
UEFA41TurquieHakan Sukur (51)
74%
UEFA62Bosnie-HerzegovineEdin Dzeko (64)
72%
AFC28Corée du SudCha Bum-Geum (58)
72%
UEFA50GrèceNikos Anastopoulos (29)
72%
AFC22IranAli Daei (109)
72%
CONMEBOL49ParaguayRoque Santa Cruz (32)
72%
CAF31TunisieIssam Jemaa (36)
72%
UEFA77BulgarieDimitar Berbatov (48)
70%
UEFA48RoumanieAdrian Mutu (36)
70%
UEFA47SlovaquieMarek Hamsik (26)
70%
AFC54Arabie SaouditeMajed Abdullah (72)
68%
CAF63Afrique du SudBenedict McCarthy (32)
67%
UEFA29AutricheAnton Polster (44)
67%
CONCACAF43CanadaCyle Larin (28)
67%
AFC80ChineHao Haidong (39)
67%
UEFA61SlovénieZlatko Zahovic (35)
65%
CONMEBOL57VenezuelaSalomon Rondon (39)
65%
CONMEBOL83BolivieMarcelo Moreno (31)
63%
CONCACAF46Costa RicaRolando Fonseca (47)
63%
AFC99IndeSunil Chhetri (92)
63%
UEFA134LettonieMaris Verpakovskis (29)
63%
CAF128NigerVictorien Adebayor (17)
63%
OFC103Nouvelle ZelandeChris Wood (33)
63%
CAF69RD CongoDieumerci Mbokani (22)
63%
CAF106CongoThievy Bifouma (15)
61%
CAF81GuineeIbrahima Kandia Diallo (33)
61%
UEFA64Irlande du NordDavid Healy (36)
61%
UEFA76IsraelEran Zahavi (33)
61%
AFC59QatarAlmoez Ali (42)
61%
UEFA154AndorreIldefons Lima (11)
60%
CAF60GhanaAsamoah Gyan (51)
60%
AFC70IrakHussein Saeed (78)
60%
UEFA144LituanieTomas Danilevicius (19)
60%
UEFA89LuxembourgGerson Rodrigues (16)
60%
CAF51MaliSeydou Keita (25)
60%
CAF39NigériaRashidi Yekini (37)
60%
UEFA98BielorussieMaksim Romaschenko (20)
58%
UEFA111EstonieAndres Oper (38)
58%
UEFA37République TchèqueJan Koller (55)
58%
AFC95VietnamLê Công Vinh (51)
58%
AFC115Coree du NordJong Il-gwan (26)
56%
UEFA200LiechtensteinMario Frick (16)
56%
AFC150IndonesieAbdul Kadir (70)
54%
CAF127LibyeAli Al-Biski (35)
54%
UEFA71MontenegroStevan Jovetic (31)
54%
UEFA65AlbanieErjon Bogdani (18)
53%
CAF85GabonPierre-Emerick Aubameyang (30)
53%
CONCACAF58JamaïqueLuton Shelton (35)
53%
UEFA78GeorgieShota Arveladze (26)
51%
UEFA68Macedoine du NordGoran Pandev (38)
51%
CONCACAF45PanamaLuis Tejada (43)
51%
UEFA90ArmenieHenrikh Mkhitaryan (32)
49%
CONCACAF87HaitiEmmanuel Sanon (37)
49%
AFC104KazakhstanRuslan Baltiev(13)
49%
UEFA109KosovoVedat Muriqi (24)
49%
AFC201PakistanMuhammad Essa (11)
49%
CAF84ZambieGodfrey Chitalu (79)
49%
CAF105KenyaDennis Oliech (34)
47%
CAF108MadagascarPaulin Voavy (15)
47%
AFC183MongolieDonorov Lumbengarav (8)
47%
AFC74OuzbekistanEldor Shomurodov (37)
47%
CAF196SomalieAbdullahi Sheikh Mohamed (3)
47%
UEFA198GibraltarLiam Walker (5)
46%
CAF131SoudanNasr El-Deen Abbas (27)
46%
AFC113ThailandeKiatisuk Senamuang (71)
46%
CAF125ZimbabwePeter Ndlovu (37)
46%
CAF116AngolaFabrice Akwa (39)
44%
UEFA118ChypreMichalis Konstantinou (32)
44%
CONCACAF172CubaLester More (29)
44%
CONCACAF107GuatemalaCarlos Ruiz (68)
44%
CAF151LesothoSera Motebang (10)
44%
UEFA171MalteMichael Mifsud (42)
44%
UEFA164MoldavieIon Nicolaescu (12)
44%
CAF117MozambiqueTico-Tico (27)
44%
AFC158SingapourFandi Ahmad (55)
44%
CAF124TanzanieMrisho Ngasa (25)
44%
CAF122TogoEmmanuel Adebayor (32)
44%
CAF91Guinee equatorialeEmilio Nsue (13)
42%
CONCACAF79HondurasCarlos Pavon (57)
42%
CONCACAF152Republique DominicaineJonathan Fena (24)
42%
AFC94SyrieFiras Al-Khatib (36)
42%
AFC138TurkmenistanWladimir Bayramow (16)
42%
AFC156YemenAli Al-Nono (29)
42%
UEFA121AzerbaidjanGurban Gurbanov (14)
40%
AFC176CambodgeSos Suhana (72)
40%
CAF142EthiopieGetaneh Kebede (76)
40%
AFC100LibanHassan Maatouk (23)
40%
CAF148LiberiaGeorge Weah (18)
40%
AFC175NepalHari Khadka (13)
40%
CONCACAF75SalvadorRaul Diaz Arce (39)
40%
CAF93BeninStephane Sessegnon (24)
39%
CAF130ComoresEl Fardou Ben Nabouhane (17)
39%
CAF112Guinee BissauCicero Semedo (6)
39%
CAF114NamibieRudolf Bester (13)
39%
CONCACAF141NicaraguaJuan Barrera (22)
39%
CONCACAF143SurinameStefano Rijssel (14)
39%
AFC189BangladeshAshrafuddin Chunnu (17)
37%
CAF56Burkina FasoMoumouni Danago (34)
37%
CONCACAF184DominiqueKurlson Benjamin (14)
37%
AFC137KoweitBashar Abdullah (75)
37%
AFC136MalaisieMokhtar Dahari (89)
37%
AFC73OmanHani Al Dhabit (43)
37%
AFC135PhilippinesPhil Younghusband (52)
37%
CAF167Soudan du SudJames Joseph (6)
37%
AFC110TadjikistanManuchekhr Dzhalilov (20)
37%
CONCACAF166BarbadeLlewellyn Riley (23)
35%
CAF66Cap-VertHeldon (15)
35%
CAF191DjiboutiSamuel Akinbinu (7)
35%
AFC82JordanieHamza Al-Dardour (34)
35%
CAF101MauritanieBessam (12)
35%
CAF146SwazilandFelix Badenhorst (15)
35%
CONCACAF177BelizeDeon McCauley (27)
33%
CAF195ErythreeBerhane Aregai (5)
33%
CONCACAF168GuyanaNigel Codrington (18)
33%
AFC97KirghizistanMirlan Murzaev (14)
33%
AFC86BahreinIsmaeel Abdullatif (47)
32%
CAF119GambieAssan Ceesay (11)
32%
AFC187LaosVisay Phaphouvanin (18)
32%
CAF120Sierra LeoneMohamed Kallon (8)
32%
CAF181TchadEzechiel Ndouassel (13)
32%
CONCACAF197BahamasLesly St. Fleur (10)
30%
CAF92OugandaEmmanuel Okwi (23)
30%
OFC159Papouasie nouvelle guineeReginald Davani (13)
30%
UEFA126République CentrafricaineLouis Mafouta (10)
30%
CAF139RwandaJohn Wilson (24)
30%
CONCACAF170Sainte LucieEarl Jean (20)
30%
AFC185BhoutanChencho Gyeltshen (12)
28%
CAF147BotswanaJerome Ramatlhakwane (24)
28%
AFC204Sri LankaKasun Jayasuriya (27)
28%
CAF140BurundiFiston Abdul Razak (19)
26%
CAF194SeychellesPhilip Zialor (14)
26%
CONCACAF102Trinite et TobagoStern John (70)
26%
OFC165VanuatuRichard Iwai (20)
26%
AFC96PalestineFahed Attal (16)
25%
CONCACAF178Saint Vincent et les GrenadinesShandel Samuel (32)
25%
AFC190BruneiShah Razen Said (8)
23%
CONCACAF174GrenadeRicky Charles (33)
23%
OFC133Iles SalomonCommins Menapi (27)
23%
CAF123MalawiKinnah Phiri (71)
23%
AFC155MaldivesAli Ashfaq (57)
23%
AFC192Timor OrientalRufino Gama (7)
23%
CONCACAF132Antigua et BarbudaDerrick Edwards (59)
21%
UEFA129Iles FeroesRogvi Jacobsen (10)
19%
AFC160MyanmarMyo Hlaing Win (36)
14%
OFC162TahitiTeaonui Tehau (24)
11%
AFC149Hong KongChan Siu Ki (40)
9%
AFC203GuamJason Cunliffe (22)
7%
OFC169Iles FidjiRoy Krishna (32)
7%
CONCACAF163Porto RicoHector Ramos (18)
7%
CONCACAF88CuraçaoLeandro Bacuna (14)
5%
OFC188Iles CookTaylor Saghabi (4)
5%
CONCACAF206Iles Vierges BritanniquesAvondale Williams (5)
5%
CONCACAF179MontserratLyle Taylor (7)
5%
OFC161Nouvelle CaledonieBertrand Kai (23)
5%
CONCACAF207AnguillaTerrence Rogers (5)
4%
CONCACAF199ArubaRonald Gomez (6)
4%
CONCACAF173BermudesShaun Goater (20)
4%
CONCACAF193Iles CaimansLee Ramoon (12)
4%
CONCACAF205Iles Vierges AmericainesJamie Browne (3)
4%
AFC182MacaoChan Kin Seng (17)
4%
CAF180Iles MauriceDany Imbert (17)
2%
AFC153TaipeiChen Po-liang (25)
2%
AFC157AghanistanFaysal Shayesteh (10)
0%
AFC72Emirats Arab UnisAli Mabkhout (80)
0%
CONCACAF202Iles Turcques et CaiquesBilly Forbes (8)
0%
CONCACAF145Saint Kitts et NievesKeith Gumbs (24)
0%
CAF186Sao Tome et PrincipesLuis Leal (8)
0%

Distribution des résultats

Percentile par nombre de réponses

% des personnes avec chaque résultat

Votre développement - résultats

Vous n’avez pas pris ce quiz